Trénovanie hráča simulovaného robotického futbalu

Saved in:
Bibliographic Details
Main Author: Schvantner, Jaroslav (Author)
Other Authors: Kapustík, Ivan (Thesis advisor)
Format: Manuscript Book
Language:Slovak
Published: 2018
Subjects:
Online Access:http://is.stuba.sk/zp/portal_zp.pl?podrobnosti=123011
Tags: Add Tag
No Tags, Be the first to tag this record!

MARC

LEADER 00000ntm a22000003a 4500
001 stuzp70318
003 SK-STU
005 20190219163708.8
007 ta
008 150427s2015----xo-----f-mn---000-0-slo-d
040 |a STU  |b slo 
041 0 |a slo 
044 |a xo 
100 1 |a Schvantner, Jaroslav  |u 070200  |4 aut  |U FIIT Fakulta informatiky a informačných technológií  |T FIIT Ústav informatiky, informačných systémov a softvérového inžinierstva  |X 79731  |U I200  |Y 179  |7 79731 
242 0 1 |a Training of a player of simulated robotic soccer  |y eng 
245 1 0 |a Trénovanie hráča simulovaného robotického futbalu 
260 |c 2018 
300 |a 25 s., príl., CD-rom 
650 4 |a strojové učenie  |2 slo 
650 4 |a genetický algoritmus  |2 slo 
650 4 |a RoboCup  |2 slo 
650 4 |a RoboCup  |2 eng 
650 4 |a machine learning  |2 eng 
650 4 |a genetic algorithm  |2 eng 
700 1 |a Kapustík, Ivan  |u 070200  |k Z1  |4 ths  |U FIIT Fakulta informatiky a informačných technológií  |T FIIT Ústav informatiky, informačných systémov a softvérového inžinierstva  |X 111  |U I200  |Y 179  |7 111 
856 4 |u http://is.stuba.sk/zp/portal_zp.pl?podrobnosti=123011 
996 |b IZP20180072  |c I*BAP88/18  |l II680  |s P  |a 0  |w stuzp70318_0001